Territorial and firm based knowledge dynamics in the ICT security sector – the case of Bratislava region

Vývoj bezpečnosti v sektore informačných technológií (IT) v bratislavskom regióne. Úloha informačných sietí a inštitúcií. Diskusia.

Guardado en:
Detalles Bibliográficos
Autor principal: Buček, Milan
Otros Autores: Pástor, Rudolf, Rehák, Štefan, 1974-
Formato: Capítulo de libro
Lenguaje:inglés
Materias:
Etiquetas: Agregar Etiqueta
Sin Etiquetas, Sea el primero en etiquetar este registro!

MARC

LEADER 00000nla$a2200000$$$4500
001 0128296
005 20240502083322.9
041 0 |a eng 
044 |a CZ 
245 1 0 |a Territorial and firm based knowledge dynamics in the ICT security sector – the case of Bratislava region  |c Milan Buček, Rudolf Pástor, Štefan Rehák 
520 |a Vývoj bezpečnosti v sektore informačných technológií (IT) v bratislavskom regióne. Úloha informačných sietí a inštitúcií. Diskusia. 
610 2 0 |a technológie informačné 
610 2 0 |a bezpečnosť 
610 2 0 |a bezpečnosť informačná 
610 2 0 |a regióny 
100 1 |a Buček, Milan 
700 1 |a Pástor, Rudolf 
700 1 |a Rehák, Štefan, 1974-